| 000 | 00737cam a2200241 4500500 | ||
|---|---|---|---|
| 005 | 20260405003949.0 | ||
| 041 | _afre | ||
| 042 | _adc | ||
| 100 | 1 | 0 |
_aMishra, Pankaj _eauthor |
| 700 | 1 | 0 |
_aLegros, Martin _eauthor |
| 245 | 0 | 0 | _aPankaj Mishra : “Comme Guernica, Gaza incarne la nouvelle figure du mal et du refus du mal” |
| 260 | _c2025. | ||
| 500 | _a83 | ||
| 690 | _aColère | ||
| 690 | _aGaza | ||
| 690 | _aGénocide | ||
| 690 | _aIsraël | ||
| 690 | _aPankaj Mishra | ||
| 690 | _aPerception | ||
| 690 | _aSud | ||
| 786 | 0 | _nPhilosophie magazine | 194 | 11 | 2025-11-01 | p. 17-28 | 1951-1787 | |
| 856 | 4 | 1 | _uhttps://shs.cairn.info/magazine-philosophie-magazine-2025-11-page-17?lang=fr&redirect-ssocas=7080 |
| 999 |
_c2072502 _d2072502 |
||